000 02861nam a2200457 c 4500
003 BLK
005 20250502175022.0
008 180409b bul|||||r ||||||| ||bul||
010 _aKNG00115165000
020 _a954-585-567-3
_bиздат.: Бард
040 _aBLK
041 _aBUL
_cBUL
080 _aПаметници на културата на историческите периоди. Археологическите паметници. Старини
_b904
_x(32)
_z904(32)
080 _aИстория на Египет (до 640 г. н. е.)
_b932
_x
_z932
080 _aАстрономия. Астрофизика. Космология. Геодезия
_b52
_x(32)
_z52(32)
080 _aРазпространяване на научните знания - популяризиране на науката, занимателна наука, учение за явленията научно необяснени, заблуждения и фалшификации, илюзии и др. п., секретност на научните знания
_b001.9
_x
_z001.9
100 1 _aБовал, Робърт
_eпърви автор
_9368828
700 1 _aГилбърт, Ейдриън Джефри
_eсъавт.
_9375686
700 1 _aГечева, Боряна
_eпрев.
_9372167
700 1 _aБювал, Робърт
_e*
_9368829
139 _aБювал, Робърт и др.
_bБ 96
245 1 0 _aЗагадката Орион
_bСвещените тайни на египетските пирамиди
_cРобърт Бовал; съавт. Ейдриън Джефри Гилбърт; прев. Боряна Гечева; * Робърт Бювал.
250 _a2. изд.
257 _aGBR
260 София
_bБард
_c2004
300 _a301 с.
_c21 см
380 _aX
490 1 _aПоредица Загадки и мистерии
500 _aОриг. загл. The Orion Mystery / Robert Bauval and Adrian Gilbert. - Авт. Робърт Бовал е известен като Робърт Гастон Бювал. - 1. изд. 1996 със загл. Загадката Орион : Разкрийте тайните на египетските пирамиди на изд. Абагар Холдинг. - На гърба на кор. ISBN 954-585-542-8 грешен Офс. изд.
650 4 _aАрхеологически паметници - Древен Египет
_9256657
650 4 _aПирамиди - Древен Египет
_9244478
653 _aархеологически паметници
653 _aпирамиди
653 _aДревен Египет
852 _aЦб 220949
856 4 _qpdf
_u
856 4 _qpdf
_u
942 _cKNG
_n0
_010
944 _aCR
_c28.09.2004
_k30544
_lЦветелина Желева
944 _aED
_c18.05.2006
_k
999 _c109844
_d109844